| 000 -ლიდერი |
| ფიქსირებული სიგრძის საკონტროლო ველი |
01519nam a22002297a 4500 |
| 003 - საკონტროლო ნომრის იდენტიფიკატორი |
| საკონტროლო ველი |
Ge_BSU |
| 005 - ბოლო ოპერაციის თარიღი და დრო |
| საკონტროლო ველი |
20240725160523.0 |
| 008 - ფიქსირებული სიგრძის მონაცემთა ელემენტები - ზოგადი ინფორმაცია |
| ფიქსირებული სიგრძის საკონტროლო ველი |
240725s2024 ge ||||| |||| 00| 0 geo d |
| 041 ## - ენის კოდი |
| Language code of text/sound track or separate title |
geo |
| 080 ## - უნივერსალური ათობითი კლასიფიკაციის ინდექსი |
| Universal Decimal Classification number |
33 ბ52 |
| 100 ## - მთავარი ჩანაწერი - პიროვნების სახელი |
| Personal name |
ბერიძე, სოფიო |
| 9 (RLIN) |
22959 |
| 245 ## - ცნობა სათაურის შესახებ |
| Title |
საგარეო ვალის მართვის თანამედროვე მიდგომები სასესხო კაპიტალის ბაზარზე / |
| Statement of responsibility, etc |
სოფიო ბერიძე, სამეცნ.ხელმძღვ. ლელა ონიანი |
| 264 ## - წარმოების, გამოცემის, დისტრიბუციის და სხვა ცნობები |
| გამოცემის, წარმოების, დისტრიბუციის... ადგილი |
ბათუმი : |
| გამოცემის, წარმოების, დისტრიბუციის... სახელწოდება |
ბათუმის შოთა რუსთაველის სახელმწიფო უნივერსიტეტი, |
| გამოცემის, წარმოების, დისტრიბუციის... თარიღი |
2024. |
| 300 ## - ფიზიკური აღწერა |
| Extent |
130 გვ.: |
| Other physical details |
ცხრ; დიაგრ; |
| Dimensions |
30 სმ. |
| 653 ## - INDEX TERM--UNCONTROLLED |
| Uncontrolled term |
ეკონომიკა |
| 653 ## - INDEX TERM--UNCONTROLLED |
| Uncontrolled term |
დისერტაცია |
| 700 ## - ADDED ENTRY--PERSONAL NAME |
| Personal name |
ონიანი,ლელა |
| Relator term |
სამეცნიერო ხელმძღვანელი |
| 9 (RLIN) |
22960 |
| 711 ## - ADDED ENTRY--MEETING NAME |
| Meeting name or jurisdiction name as entry element |
ბათუმის შოთა რუსთაველის სახელმწიფო უნივერსიტეტი |
| 9 (RLIN) |
22961 |
| 711 ## - ADDED ENTRY--MEETING NAME |
| Meeting name or jurisdiction name as entry element |
ეკონომიკისა და ბიზნესის ფაკულტეტი |
| 9 (RLIN) |
22957 |
| 711 ## - ADDED ENTRY--MEETING NAME |
| Meeting name or jurisdiction name as entry element |
საფინანსო, საბანკო და სადაზღვევო საქმის დეპარტამენტი |
| 9 (RLIN) |
22962 |
| 942 ## - ADDED ENTRY ELEMENTS (KOHA) |
| Source of classification or shelving scheme |
|
| Koha item type |
დისერტაცია |